| 000 | 00825cam a2200217 i 4500 | ||
|---|---|---|---|
| 005 | 20260203114052.0 | ||
| 008 | 250721s2004 jo gr 000 0 ara d | ||
| 082 | 1 | 4 |
_a371.4 _bم ن س |
| 100 | 1 |
_aمنسي، حسن _eمؤلف. |
|
| 245 | 1 | 2 |
_aالتوجيه والإرشاد النفسي ونظرياته / _cالدكتور حسن منسي، المرشدة إيمان منسي. |
| 264 | 3 | 1 |
_aعمان : _bدار الكندي للنشر والتوزيع، _c2004. |
| 300 | _a329 صفحة. | ||
| 650 | 1 | 7 | _aعلم النفس التربوي. |
| 650 | 1 | 7 | _aالإرشاد النفسي الجماعي. |
| 650 | 1 | 7 | _aالمعوقون. |
| 650 | 1 | 7 | _aالمسنون. |
| 650 | 1 | 7 | _aعلم نفس فرويد. |
| 700 | 1 |
_aمنسي، إليان _eمؤلف. |
|
| 942 |
_2ddc _cBK |
||
| 999 |
_c91384 _d91384 |
||